000 00476nam a2200181Ia 4500
001 966
005 20260306140557.0
008 260306t2013||||xx |||||||||||||| ||spa||
041 _aESP
082 _a174.4
_bT95
100 _aTurak, August
_eAUT
245 0 _aBusiness secrets of the trappist monks:
_bone CEO´s quest for meaning and authenticity
260 _c2013
300 _axvi, 182 páginas :
_c23 cm.
650 _aGEN
654 _aCHU
942 _cLIB
_dJUS
_fJUS
_2ddc
_n
999 _c966
_d966